000 00821nam a2200193 a 4500
001 000046258
005 20201002052737.0
008 150713s2000 dr ac 000 0 spa d
040 _aDO-SdBNP
_bspa
_cBNPHU
082 _axxxx
_bxxxx
110 1 _aMuestra Internacional de Cine de Santo Domingo
_n(2ª :
_d2000 24 feb. al 5 de mar. :
_cSanto Domingo)
_974278
245 1 0 _a2da. muestra internacional de cine Santo Domingo /
_cArturo Rodríguez Fernández, Lidia Bastos ; ilustración Parolio Matos.
246 1 0 _aSegunda Muestra Internacional de Cine Santo Domingo
260 _aSanto Domingo :
_bMuestra Internacional de Cine Santo Domingo,
_c2000.
300 _a91 p. :
_bil., retrs. ;
_c22 cm.
700 1 2 _aRodríguez Fernández, Arturo
_937878
700 1 2 _aMatos, Parolio,
_eil.
_974279
700 1 2 _aBastos, Lidia
_974280
999 _c45747
_d45747